00922 a2200229 45000010006000000050017000060080041000230030015000640400040000790800035001192450061001540200022002152640033002373000019002705050210002890410008004991000017005077000021005247000025005457000023005708560099005935935620260407155847.0260407a2007 arg spa dAR-UNSa-BCEJYS aAR-UNSa-BCEJYSbspacAR-UNSa-BCEJYS a35xAdministración Pública10aIntroducción a la administración pública argentina a978-950-786-615-9 1aBuenos Aires :bBiblosc2007 a149 p.c22 cm. a1. La administración pública argentina: una mirada al conjunto - 2. La administración Pública Nacional - 3. Las provincias y el Gobierno Autónomo de la Ciudad de Buenos Aires - 4. Los Municipios  aspa1 aCao, Horacio1 aBlutman, Gustavo1 aEstévez, Alejandro1 aIturburu, Mónica41uhttps://www.biblioeco.unsa.edu.ar/pmb/images/libros/L129066.jpgyImagen de portadaqimage/jpeg